Представление документа в формате MARC21

Поле Инд. ПП Название Значение
Тип записи a
Библиографический уровень m
001 _ Контрольный номер RU/ЭБС IPR BOOKS/79030
005 Дата корректировки 20250915131047.3
008 Кодируемые данные 211122s2018 RU y f j 000 1 rus u
020 a ISBN 978-5-4263-0617-2
040 c Служба, преобразующая запись ЭБС IPR BOOKS
041 a Код языка текста rus
044 a Код страны публикации RU
080 a Индекс УДК 796
084 2 Источник индекса rubbk
a Индекс другой классификации/Индекс ББК 75.1
100 1_ a Автор Каткова, А. М.
4 Код отношения 070
245 a Заглавие Физическая культура и спорт
b Продолж. заглавия учебное наглядное пособие
c Ответственность А. М. Каткова, А. И. Храмцова
250 g Весь срок охраны авторского права
a Основные сведения об издании Физическая культура и спорт
256 a Характеристики компьютерного файла Электрон. дан. (1 файл)
260 a Место издания Москва
b Издательство Московский педагогический государственный университет
c Дата издания 2018
300 a Объем 64 с.
500 a Примечание Книга находится в премиум-версии ЭБС IPR BOOKS.
516 a Прим. о типе комп. файла/ данных Текст
520 a Аннотация Учебное наглядное пособие включает материал по изучению тезауруса строевых и общеразвивающих упражнений дисциплины «Физическая культура и спорт» и реализации изученного материала в условиях образовательной среды. В разделах пособия содержится материал, необходимый студентам и выпускникам направления подготовки 44.03.01 Педагогическое образование и 44.03.05 Педагогическое образование (с двумя профилями подготовки), для организации различных частей уроков по физической культуре и спорту, а также составлению комплексов упражнений в различных видах физкультурно-спортивной деятельности.
521 a Примеч. о целев. назн. Весь срок охраны авторского права
538 a Прим. о системных особенностях электронный
653 a Ключевые слова культура
653 a Ключевые слова спорт
653 a Ключевые слова дисциплина
653 a Ключевые слова элемент
700 1_ a Другие авторы Храмцова, А. И.
4 Код отношения 070
856 4_ u URL http://www.iprbookshop.ru/79030.html
z Примечание для пользователя Участвует в КО